00826nam a2200205 a 4500001001000000003000900010005001700019008004100036020001800077040002500095111009500120245011600215260002800331300002100359490002900380504007300409700003000482710005400512710005400566000043248DO-SdBNP20250909091242.0140303s2010 sp 000 0 spa d a9788483471333 aDO-SdBNPbspacBNPHU2 aCampos Euroafricano de Cooperación Culturaln(1:d2009 : 22-26 jun.cMaputo, Mozambique)10aCooperacion cultural entre Europa y África :bactas del Primer Campus Euroafricano de Cooperación Cultural  aMadrid :bAECID,c2010. a269 p. ;c23 cm.0 aCultura y Desarrollov12 aIncluye referencias bibliográficas y notas al pie de las páginas1 aCarrasco Arroyo, Salvador2 aAgencia Española de Cooperación Internacional2 aAgencia Española de Cooperación Internacional